Дополнительное образование для детей с особыми образовательными потребностями (Запись № 9864021)
[ простой вид ]
| 000 -МАРКЕР | |
|---|---|
| контрольное поле | 02547nam0a2200373 i 4500 |
| 001 - ИДЕНТИФИКАТОР ЗАПИСИ | |
| контрольное поле | RU\NLR\BIBL_A\010730854 |
| 005 - ИДЕНТИФИКАТОР ВЕРСИИ | |
| контрольное поле | 20260406105251.0 |
| 010 ## - МЕЖДУНАРОДНЫЙ СТАНДАРТНЫЙ НОМЕР КНИГИ (ISBN) | |
| Номер (ISBN) | 9785000890080 |
| Тираж | 500 |
| 021 ## - НОМЕР ГОСУДАРСТВЕННОЙ РЕГИСТРАЦИИ | |
| Код страны | Российская Федерация |
| Номер | 2015-14621 |
| Номер Листа государственной регистраци | 889 |
| 035 ## - ДРУГИЕ СИСТЕМНЫЕ НОМЕРА | |
| Идентификатор записи | (NILC)RuMoRGB-007883175 |
| 035 ## - ДРУГИЕ СИСТЕМНЫЕ НОМЕРА | |
| Идентификатор записи | (NLR Aleph) 010730854 |
| 100 ## - ДАННЫЕ ОБЩЕЙ ОБРАБОТКИ | |
| Данные общей обработки | 20150416d2014 km y0rusy50 ca |
| 101 0# - ЯЗЫК РЕСУРСА | |
| Язык текста, звукозаписи и т.д. | русский |
| 102 ## - СТРАНА ПУБЛИКАЦИИ ИЛИ ПРОИЗВОДСТВА | |
| Страна публикации | Российская Федерация |
| 105 ## - ПОЛЕ КОДИРОВАННЫХ ДАННЫХ: ТЕКСТОВЫЕ МАТЕРИАЛЫ, МОНОГРАФИЧЕСКИЕ | |
| Кодированные данные о монографическом текстовом документе | y|||j|||000yy |
| 200 1# - ЗАГЛАВИЕ И СВЕДЕНИЯ ОБ ОТВЕТСТВЕННОСТИ | |
| Основное заглавие | Дополнительное образование для детей с особыми образовательными потребностями |
| Сведения, относящиеся к заглавию | учебное пособие для осуществления образовательной деятельности по направлению 44.03.01 (44.03.05) Педагогическое образование |
| Первые сведения об ответственности | Л. В. Байбородова, Е.Б. Кириченко, М.П. Кривунь [и др.] |
| Последующие сведения об ответственности | М-во образования и науки Российской Федерации, ФГБОУ ВПО "Ярославский гос. пед. ун-т им. К. Д. Ушинского" |
| 210 ## - ПУБЛИКАЦИЯ, РАСПРОСТРАНЕНИЕ И ДР. | |
| Место издания, распространения и т.д. | Ярославль |
| Имя издателя, распространителя и т. д. | Редакционно-издательский отдел ФГБОУ ВПО "Ярославский государственный педагогический университет им. К.Д. Ушинского" |
| Дата издания, распространения и т.д. | 2014 |
| 215 ## - ФИЗИЧЕСКАЯ ХАРАКТЕРИСТИКА | |
| Специфическое обозначение материала и объем | 315 с. |
| Размеры | 21 |
| 225 1# - СЕРИЯ | |
| Основное заглавие серии | Серия "Подготовка кадров сферы дополнительного образования детей" |
| 320 ## - ПРИМЕЧАНИЯ О НАЛИЧИИ В ДОКУМЕНТЕ БИБЛИОГРАФИИ / УКАЗАТЕЛЯ | |
| Текст примечания | Библиогр. в подстроч. примеч. |
| 606 1# - НАИМЕНОВАНИЕ ТЕМЫ КАК ПРЕДМЕТ | |
| Наименование темы | Дополнительное образование детей с ограниченными возможностями здоровья |
| Формальный подзаголовок | Учебные издания |
| Системный номер авторитетной/нормативной записи | 2162843 |
| Идентификатор авторитетной/нормативной записи | RU\NLR\AUTH\6601538570 |
| 606 ## - НАИМЕНОВАНИЕ ТЕМЫ КАК ПРЕДМЕТ | |
| Наименование темы | Дополнительное образование детей |
| Формальный подзаголовок | Учебные издания |
| Системный номер авторитетной/нормативной записи | 2087679 |
| Идентификатор авторитетной/нормативной записи | RU\NLR\AUTH\661263852 |
| 610 0# - НЕКОНТРОЛИРУЕМЫЕ ПРЕДМЕТНЫЕ ТЕРМИНЫ | |
| Предметный термин | дети с особыми образовательными потребностями |
| 686 1# - ИНДЕКСЫ ДРУГИХ КЛАССИФИКАЦИЙ | |
| Индекс | Ч430.138.7я7 |
| 686 1# - ИНДЕКСЫ ДРУГИХ КЛАССИФИКАЦИЙ | |
| Индекс | Ч421.387я7 |
| 701 #1 - ИМЯ ЛИЦА - АЛЬТЕРНАТИВНАЯ ОТВЕТСТВЕННОСТЬ | |
| Материалы, к которым относится поле | rus |
| Графика поля | Кириллица |
| Начальный элемент ввода | Байбородова |
| Часть имени, кроме начального элемента ввода | Л. В. |
| Даты | 1952- |
| Дополнения к именам, кроме дат | д-р пед. наук |
| Расширение инициалов личного имени | Людмила Васильевна |
| Идентификатор авторитетной/нормативной записи | RU\NLR\AUTH\77100504 |
| Системный номер авторитетной/нормативной записи | 83430 |
| 701 #0 - ИМЯ ЛИЦА - АЛЬТЕРНАТИВНАЯ ОТВЕТСТВЕННОСТЬ | |
| Начальный элемент ввода | Кириченко |
| Часть имени, кроме начального элемента ввода | Е. Б. |
| Расширение инициалов личного имени | Елена Борисовна |
| 701 #1 - ИМЯ ЛИЦА - АЛЬТЕРНАТИВНАЯ ОТВЕТСТВЕННОСТЬ | |
| Начальный элемент ввода | Кривунь |
| Часть имени, кроме начального элемента ввода | М.П. |
| Расширение инициалов личного имени | Мария Павловна |
| 801 #0 - ИСТОЧНИК ЗАПИСИ | |
| Страна | Российская Федерация |
| Организация | РГБ |
| Дата составления | 20150310 |
| Правила каталогизации | RCR |
| 942 ## - ДОПОЛНИТЕЛЬНЫЕ ЭЛЕМЕНТЫ ЗАПИСИ (АБИС) | |
| Тип экземпляра АБИС | Книга |
| 980 ## - КОЛЛЕКЦИЯ | |
| Название коллекции | НБР |
Нет доступных экземпляров.